[Event "Tournoi Skype 030A"]
[Site "Skype"]
[Date "????.??.??"]
[Round "4.1"]
[White "Sepulveda, Lyda Marcela"]
[Black "Figueroa, Tomas"]
[Result "0-1"]
[WhiteElo "1302"]
[BlackElo "2093"]
[PlyCount "58"]

1. e4 e5 2. Nf3 Nc6 3. Bb5 a6 4. Ba4 Nf6 5. Qe2 b5 6. Bb3 Bc5 7. c3 d6 8. d3
Be6 9. Bc2 h6 10. Nbd2 O-O 11. O-O Re8 12. Rd1 d5 13. Nf1 Qb8 14. Nxe5 Bxf2+
15. Qxf2 Nxe5 16. Qg3 Bg4 17. Re1 dxe4 18. d4 Nd3 19. Bxd3 exd3 20. Rxe8+ Qxe8
21. Qxd3 Be2 22. Qg3 Bxf1 23. Kxf1 Qe6 24. Be3 Re8 25. Re1 Qc4+ 26. Kg1 Ne4 27.
Qg4 Nd6 28. Bd2 Rxe1+ 29. Bxe1 Qxa2 0-1

[Event "Tournoi Skype 030A"]
[Site "Skype"]
[Date "????.??.??"]
[Round "4.2"]
[White "Ram, Madhukesh"]
[Black "Blasco, Raul"]
[Result "1/2-1/2"]
[WhiteElo "1245"]
[BlackElo "1978"]
[PlyCount "92"]

1. e4 c6 2. d4 d5 3. Nc3 dxe4 4. Nxe4 Nd7 5. Ng5 e6 6. Bd3 Ngf6 7. N1f3 Bd6 8.
O-O h6 9. Ne4 Nxe4 10. Bxe4 Nf6 11. Bd3 Qc7 12. Re1 Bf4 13. Bxf4 Qxf4 14. Ne5
Nd7 15. g3 Qf6 16. Qf3 Qxf3 17. Nxf3 O-O 18. Re3 b6 19. Rae1 Bb7 20. Ne5 Nxe5
21. Rxe5 Rfd8 22. c3 c5 23. Be4 Bxe4 24. R5xe4 cxd4 25. Rxd4 Rxd4 26. cxd4 Rd8
27. Rd1 Rd5 28. Kg2 e5 29. Kf3 f5 30. Ke3 Kf7 31. h4 g5 32. hxg5 hxg5 33. Rd2
Ke6 34. dxe5 Rxd2 35. Kxd2 Kxe5 36. Ke3 a6 37. a4 Kd5 38. Kd3 Kc5 39. Kc3 b5
40. axb5 axb5 41. f3 b4+ 42. Kd3 Kd5 43. b3 Kc5 44. Ke3 Kd5 45. f4 g4 46. Kd3
Kc5 1/2-1/2

[Event "Tournoi Skype 030A"]
[Site "Skype"]
[Date "????.??.??"]
[Round "4.3"]
[White "Mayor Martinez, Juan Jose"]
[Black "Rico Hernandez, Edgar"]
[Result "0-1"]
[WhiteElo "1749"]
[BlackElo "1748"]
[PlyCount "80"]

1. e4 c6 2. d4 d5 3. Bd3 dxe4 4. Bxe4 Nf6 5. Bf3 Bf5 6. c3 e6 7. Ne2 Bd6 8. Ng3
Bg6 9. O-O Nbd7 10. Nd2 O-O 11. Nde4 Nxe4 12. Nxe4 Be7 13. Re1 Nf6 14. Ng3 Qc7
15. Be3 Rad8 16. Qc1 Nd5 17. Bd2 Bd6 18. a3 Nf4 19. Be2 Nxe2+ 20. Rxe2 Rfe8 21.
Qe1 h6 22. h3 Qb6 23. b4 Bb8 24. a4 a6 25. a5 Qc7 26. Re5 Qd7 27. Re3 e5 28.
Nf1 exd4 29. cxd4 Rxe3 30. fxe3 Re8 31. Ra3 Qd6 32. Rc3 Re6 33. Ra3 Be4 34. Qh4
Bd5 35. Rc3 Rf6 36. Rc5 Qe7 37. Ng3 Rf1+ 38. Nxf1 Qxh4 39. Rc1 Qe4 40. Kf2
Qxg2+ 0-1

[Event "Tournoi Skype 030A"]
[Site "Skype"]
[Date "????.??.??"]
[Round "4.4"]
[White "Caputi, Giuliano"]
[Black "Calcino, Luis"]
[Result "0-1"]
[WhiteElo "1728"]
[BlackElo "1694"]
[PlyCount "42"]

1. d4 d5 2. c4 e5 3. e3 exd4 4. exd4 Be6 5. Nc3 Bb4 6. Qa4+ Nc6 7. Nf3 dxc4 8.
Be3 a6 9. Ne5 Nge7 10. Be2 O-O 11. Nxc6 Nxc6 12. O-O b5 13. Nxb5 axb5 14. Qxb5
Qd5 15. Qxd5 Bxd5 16. a3 Bd6 17. Rac1 Na5 18. Rc2 Rfe8 19. Rfc1 Rab8 20. Kf1
Rb7 21. g3 Reb8 0-1

[Event "Tournoi Skype 030A"]
[Site "Skype"]
[Date "????.??.??"]
[Round "4.5"]
[White "Gungor, Gokhan"]
[Black "Deville, Olivier"]
[Result "0-1"]
[WhiteElo "1579"]
[BlackElo "1767"]
[PlyCount "46"]

1. e4 c5 2. Nf3 d6 3. d4 Nf6 4. Nc3 cxd4 5. Nxd4 Nc6 6. Be2 e5 7. Nf3 h6 8. O-O
Be6 9. Be3 Be7 10. Qd2 Ng4 11. Rad1 Nxe3 12. Qxe3 O-O 13. Nd5 Bxd5 14. Rxd5 Rc8
15. Rfd1 Qc7 16. c3 a6 17. a4 Nb8 18. Nd2 Nd7 19. Nc4 Nf6 20. R5d3 Qxc4 21.
Rxd6 Qc5 22. Qxc5 Rxc5 23. Rb6 Rc7 0-1

[Event "Tournoi Skype 030A"]
[Site "Skype"]
[Date "????.??.??"]
[Round "4.6"]
[White "Garcia Andrinal, Antonio"]
[Black "Lovell, Stan"]
[Result "1/2-1/2"]
[WhiteElo "1632"]
[BlackElo "1511"]
[PlyCount "72"]

1. e4 c6 2. d4 d5 3. Nc3 dxe4 4. Nxe4 Bf5 5. Ng3 Bg6 6. Nf3 e6 7. h4 h6 8. h5
Bh7 9. Bd3 Bxd3 10. Qxd3 Nd7 11. Bd2 Ngf6 12. O-O-O c5 13. Kb1 Qb6 14. Bc3 Nd5
15. dxc5 Nxc3+ 16. Qxc3 Nxc5 17. Rhe1 Nd7 18. Ne4 Rd8 19. Rd3 Qb4 20. Qxb4 Bxb4
21. Red1 f5 22. Nd6+ Bxd6 23. Rxd6 Ke7 24. Nh4 Ne5 25. R6d4 Rxd4 26. Rxd4 Rd8
27. Rxd8 Kxd8 28. Kc1 Ng4 29. f3 Nf6 30. Ng6 Nxh5 31. Kd2 Nf6 32. Kd3 Kd7 33.
Kd4 Kd6 34. c4 Nd7 35. f4 b6 36. b4 a6 1/2-1/2

[Event "Tournoi Skype 030A"]
[Site "Skype"]
[Date "????.??.??"]
[Round "4.7"]
[White "Casey, Eamonn"]
[Black "Grosso, Raul"]
[Result "0-1"]
[WhiteElo "1538"]
[BlackElo "1746"]
[PlyCount "62"]

1. d4 Nf6 2. c4 c5 3. d5 b5 4. cxb5 a6 5. Nc3 g6 6. Nf3 Bg7 7. e4 d6 8. h3 O-O
9. Bd3 axb5 10. Nxb5 Ba6 11. Nc3 Nbd7 12. O-O Qb6 13. Na4 Qb7 14. Bxa6 Rxa6 15.
Nc3 Rb8 16. Qc2 Ne8 17. Re1 Nc7 18. Re2 h6 19. h4 Nb5 20. Nxb5 Qxb5 21. a4 Qb4
22. Ra2 c4 23. Bd2 Qb3 24. Qxb3 cxb3 25. Ra1 Bxb2 26. Rb1 Bg7 27. a5 Nc5 28.
Re3 h5 29. Be1 Raa8 30. Nd2 Rxa5 31. Nxb3 Rab5 0-1

[Event "Tournoi Skype 030A"]
[Site "Skype"]
[Date "????.??.??"]
[Round "4.9"]
[White "Elias, Roberto"]
[Black "Le Brun, Yves"]
[Result "0-1"]
[WhiteElo "1671"]
[BlackElo "1321"]
[PlyCount "68"]

1. e4 b6 2. c4 c5 3. Nc3 Bb7 4. Nf3 Nc6 5. d4 cxd4 6. Nxd4 Nxd4 7. Qxd4 e6 8.
Bf4 Nf6 9. O-O-O Bc5 10. Qd3 Ng4 11. Be3 Bxe3+ 12. fxe3 Nf2 13. Qd2 Nxh1 14.
Bd3 Qc7 15. Rxh1 Bc6 16. Qf2 Qd6 17. Kc2 Qe5 18. g4 h6 19. Rf1 O-O 20. h4 f6
21. Qg2 Rf7 22. Ne2 f5 23. gxf5 exf5 24. Ng3 fxe4 25. Be2 Rxf1 26. Nxf1 Rf8 27.
Qg4 h5 28. Qg6 Rf6 29. Qg2 d5 30. Qh3 Rf2 31. Qc8+ Be8 32. Kd1 Rf8 33. Kc1 d4
34. Qa6 d3 0-1

[Event "Tournoi Skype 030A"]
[Site "Skype"]
[Date "????.??.??"]
[Round "4.11"]
[White "Alarcon Alarcon, Florentina"]
[Black "Calderon, Francisco"]
[Result "1-0"]
[WhiteElo "1378"]
[BlackElo "1604"]
[PlyCount "83"]

1. e4 c6 2. d4 e6 3. Nf3 d5 4. e5 c5 5. c3 a6 6. Be2 Nc6 7. O-O h6 8. a3 c4 9.
b3 b5 10. b4 a5 11. bxa5 Rxa5 12. Bb2 Nge7 13. a4 b4 14. cxb4 Nxb4 15. Nc3 Bd7
16. Rb1 Ng6 17. Ba3 Nc6 18. Bxf8 Kxf8 19. Qc2 Nf4 20. Rfe1 g5 21. g3 Nh3+ 22.
Kg2 g4 23. Nh4 h5 24. Red1 Ne7 25. Nb5 Bxb5 26. axb5 Qb6 27. Qd2 Rxb5 28. Rxb5
Qxb5 29. Rc1 Nc6 30. Bf1 Qb6 31. Rd1 Qd8 32. f4 f5 33. Ng6+ Kg7 34. Nxh8 Qxh8
35. Rb1 Ne7 36. Rb7 Kf7 37. Qb4 Qe8 38. Rb8 Nc6 39. Qb7+ Qe7 40. Qxc6 Kg6 41.
Re8 Qf7 42. Rxe6+ 1-0

[Event "Tournoi Skype 030A"]
[Site "Skype"]
[Date "????.??.??"]
[Round "4.12"]
[White "Yeter, Orhan"]
[Black "Gadow, Martin"]
[Result "1-0"]
[WhiteElo "1252"]
[BlackElo "1485"]
[PlyCount "87"]

1. e4 c5 2. d4 cxd4 3. c3 dxc3 4. Nxc3 e6 5. Bc4 Nc6 6. Nf3 Bb4 7. O-O Nge7 8.
Qe2 O-O 9. Rd1 Bxc3 10. bxc3 Qc7 11. Bb3 Ng6 12. Bb2 Nf4 13. Qd2 Na5 14. c4
Nxb3 15. axb3 f6 16. Ba3 Rf7 17. Bd6 Qc6 18. Bxf4 Qxe4 19. Be3 b6 20. Qd4 Bb7
21. Qxe4 Bxe4 22. Bxb6 d5 23. Be3 dxc4 24. bxc4 e5 25. c5 Rc7 26. Nd2 Bd5 27.
Rdc1 f5 28. Nc4 f4 29. Bd2 e4 30. Bxf4 Rxc5 31. Ne5 Rxc1+ 32. Rxc1 a5 33. Ra1
a4 34. Bc1 Bb3 35. Bb2 Rd8 36. Rc1 h6 37. h3 Re8 38. Ng4 Rd8 39. Rc7 Rd1+ 40.
Kh2 Rd2 41. Bxg7 Bf7 42. Bxh6 Rd6 43. Bc1 Kf8 44. Ba3 1-0

[Event "Tournoi Skype 030A"]
[Site "Skype"]
[Date "????.??.??"]
[Round "4.14"]
[White "Vaswani, Manohar"]
[Black "Ramirez Reina, Orlando"]
[Result "1-0"]
[WhiteElo "1226"]
[BlackElo "1402"]
[PlyCount "105"]

1. e4 e5 2. Nf3 Nc6 3. Bb5 a6 4. Bxc6 dxc6 5. d3 h6 6. Nxe5 Nf6 7. O-O Bc5 8.
Bf4 O-O 9. Nd2 g5 10. Bg3 Qe7 11. c3 Kg7 12. d4 Bb6 13. Re1 c5 14. Nb3 cxd4 15.
cxd4 Rd8 16. Rc1 Be6 17. Nc4 Bxc4 18. Rxc4 Nxe4 19. f3 f5 20. fxe4 fxe4 21.
Be5+ Kg8 22. Rxe4 a5 23. Qf3 Rf8 24. Qh5 Kh7 25. h4 Qf7 26. Qxf7+ Rxf7 27. Nc5
Bxc5 28. Rxc5 c6 29. hxg5 hxg5 30. Rc3 Raf8 31. Rh3+ Kg6 32. Ree3 Rf1+ 33. Kh2
R8f2 34. Ref3 g4 35. Rhg3 Rxf3 36. gxf3 Rxf3 37. Rxg4+ Kf5 38. Rg3 Ke4 39. Rxf3
Kxf3 40. Kg1 Ke4 41. Kf2 a4 42. Ke2 b5 43. Kd2 Kd5 44. Kc3 c5 45. b4 axb3 46.
axb3 b4+ 47. Kd3 c4+ 48. bxc4+ Kc6 49. c5 Kb5 50. Kc2 Ka4 51. c6 b3+ 52. Kb1
Ka3 53. c7 1-0

[Event "Tournoi Skype 030A"]
[Site "Skype"]
[Date "????.??.??"]
[Round "4.15"]
[White "Navghane, Rahul"]
[Black "Abate, Leonardo"]
[Result "0-1"]
[WhiteElo "1007"]
[BlackElo "1380"]
[PlyCount "46"]

1. b3 e5 2. Bb2 Nc6 3. e3 d5 4. Bb5 Bd6 5. Nf3 Bg4 6. h3 Bxf3 7. Qxf3 Nf6 8. d3
O-O 9. Bxc6 bxc6 10. Nd2 Re8 11. O-O-O Qe7 12. e4 Ba3 13. exd5 cxd5 14. g4 c6
15. g5 Nd7 16. Qg4 Nf8 17. h4 a5 18. f4 Bxb2+ 19. Kxb2 a4 20. f5 axb3 21. cxb3
Qa3+ 22. Kb1 Qxa2+ 23. Kc1 Qa3+ 0-1

[Event "Tournoi Skype 030A"]
[Site "Skype"]
[Date "????.??.??"]
[Round "4.16"]
[White "Grib, Johannes"]
[Black "Hilton, Stephen"]
[Result "0-1"]
[WhiteElo "1328"]
[BlackElo "1865"]
[PlyCount "78"]

1. e4 c5 2. Nf3 a6 3. d4 cxd4 4. Nxd4 e5 5. Nf3 Nf6 6. Bd3 Be7 7. c3 d6 8. h3
O-O 9. Nh2 Be6 10. Be3 Nbd7 11. Qd2 Qc7 12. h4 Nc5 13. Qe2 Nfxe4 14. Ng4 f5 15.
Nh6+ gxh6 16. Bxh6 Rf7 17. Nd2 Nxd2 18. Bxd2 Nxd3+ 19. Qxd3 e4 20. Qg3+ Rg7 21.
Qh3 Qd7 22. O-O-O f4 23. Qh2 Bg4 24. Rde1 d5 25. Bxf4 Qa4 26. Kb1 Bf5 27. Re3
Bc5 28. Be5 Bxe3 29. fxe3 Rg4 30. Bd4 Qc4 31. Qe5 Rf8 32. h5 h6 33. Qh8+ Kf7
34. Qxh6 Ke8 35. Qd6 Bd7 36. Bc5 Rf1+ 37. Rxf1 Qxf1+ 38. Kc2 Ba4+ 39. b3 Rxg2#
0-1

[Event "Tournoi Skype 030A"]
[Site "Skype"]
[Date "????.??.??"]
[Round "4.17"]
[White "Lucena Vaz, Jose"]
[Black "Lopes, Marcia Maria"]
[Result "0-1"]
[WhiteElo "1674"]
[BlackElo "1321"]
[PlyCount "72"]

1. e4 c5 2. Nf3 d6 3. Bc4 Nf6 4. Ng5 e6 5. O-O Be7 6. d3 O-O 7. Nc3 h6 8. Nh3
e5 9. Qf3 Be6 10. Nd5 Nbd7 11. Kh1 Nb6 12. Bb3 Nbxd5 13. exd5 Bxh3 14. gxh3 b5
15. Rg1 Kh8 16. Qf5 Qd7 17. Qf3 Rg8 18. c3 Rac8 19. Bd2 a6 20. a4 Qb7 21. a5 c4
22. dxc4 bxc4 23. Ba4 Qxd5 24. Qxd5 Nxd5 25. Bd1 Nf6 26. Bf3 d5 27. Be3 Bc5 28.
Kg2 Bxe3 29. fxe3 Rb8 30. Rab1 Rb5 31. b4 cxb3 32. Be2 Rxa5 33. Rxb3 Ne4 34.
Re1 Rc8 35. Rc1 Ra2 36. Kf1 Nd2+ 0-1

[Event "Tournoi Skype 030A"]
[Site "Skype"]
[Date "????.??.??"]
[Round "4.18"]
[White "Sanchez Ruiz, Justo"]
[Black "Khunte, Aniruddha"]
[Result "1-0"]
[WhiteElo "1550"]
[BlackElo "1174"]
[PlyCount "23"]

1. e4 c6 2. d4 d5 3. e5 Bf5 4. h4 e6 5. g4 Bb4+ 6. Bd2 Be4 7. f3 Bxd2+ 8. Qxd2
Bg6 9. h5 Bxc2 10. Qxc2 Qa5+ 11. Qc3 Qxc3+ 12. Nxc3 1-0

[Event "Tournoi Skype 030A"]
[Site "Skype"]
[Date "????.??.??"]
[Round "4.19"]
[White "Saponara, Jose Maria"]
[Black "Fernandez Zaldivar, Antonio"]
[Result "1-0"]
[WhiteElo "1525"]
[BlackElo "1291"]
[PlyCount "67"]

1. e4 c6 2. d4 d5 3. Nd2 dxe4 4. Nxe4 Bf5 5. Ng3 Bg6 6. N1e2 Nd7 7. Nf4 Qc7 8.
h4 h6 9. Nxg6 fxg6 10. Bd3 O-O-O 11. Bxg6 Qb6 12. c3 Ngf6 13. Qb3 Qc7 14. Be3
Nd5 15. Ne2 Nxe3 16. fxe3 Nf6 17. O-O-O e5 18. Qe6+ Kb8 19. Qxe5 Bd6 20. Qf5
Rhf8 21. Qh3 Qe7 22. Rhf1 Nd5 23. e4 Bf4+ 24. Nxf4 Nxf4 25. Qg4 Nxg6 26. Qxg6
Rd6 27. Rxf8+ Qxf8 28. Qf5 Rf6 29. Qg4 Rf4 30. Qg3 Ka8 31. e5 Rf2 32. Re1 Qf5
33. Qxf2 Qc2+ 34. Qxc2 1-0

[Event "Tournoi Skype 030A"]
[Site "Skype"]
[Date "????.??.??"]
[Round "4.20"]
[White "Karia, Vijay"]
[Black "Chavero, Victor"]
[Result "0-1"]
[WhiteElo "1447"]
[BlackElo "1286"]
[PlyCount "100"]

1. e4 d5 2. exd5 Qxd5 3. Nc3 Qe6+ 4. Be2 Qd6 5. Nf3 c6 6. O-O Nf6 7. Bc4 Bg4 8.
h3 Bh5 9. Be2 e5 10. Ng5 Bxe2 11. Qxe2 Be7 12. Re1 O-O 13. Qxe5 Qxe5 14. Rxe5
Re8 15. d3 Nbd7 16. Re2 Nd5 17. Nxd5 cxd5 18. Bd2 Bf6 19. Rae1 Rxe2 20. Rxe2
Rc8 21. c3 Nc5 22. d4 Nd3 23. Be3 Re8 24. Nf3 Nf4 25. Rd2 Ne6 26. Kf1 g6 27.
Re2 h5 28. Ne1 Kg7 29. Nd3 Be7 30. Bf4 Bf6 31. Bd2 Rc8 32. Nf4 Nxf4 33. Bxf4 a5
34. Be5 a4 35. a3 h4 36. g4 hxg3 37. fxg3 Bxe5 38. Rxe5 Rc6 39. Re2 Kf8 40. Kf2
Rf6+ 41. Kg2 g5 42. Re5 Rb6 43. Re2 Rf6 44. g4 Rh6 45. Kg3 Rb6 46. h4 gxh4+ 47.
Kxh4 Rf6 48. Kg5 Rf1 49. Re5 f6+ 50. Kg6 fxe5 0-1

[Event "Tournoi Skype 030A"]
[Site "Skype"]
[Date "????.??.??"]
[Round "4.21"]
[White "Graham, Neil"]
[Black "Vasquez Cienfuegos, Oscar"]
[Result "1/2-1/2"]
[WhiteElo "1285"]
[BlackElo "1370"]
[PlyCount "64"]

1. d4 c6 2. c4 Nf6 3. Nf3 d5 4. Nc3 dxc4 5. e4 b5 6. Be2 e6 7. Bg5 Be7 8. O-O
h6 9. Bh4 O-O 10. Qc2 a6 11. a4 Bb7 12. axb5 cxb5 13. Rfd1 Qc7 14. Bg3 Qc8 15.
d5 exd5 16. Nxd5 Nxd5 17. exd5 Re8 18. d6 Bf6 19. d7 Nxd7 20. Nd4 Bxd4 21. Rxd4
Nb6 22. Rad1 Qe6 23. R1d2 Rac8 24. h3 Na4 25. Kh2 Nc5 26. Bg4 Qc6 27. f3 Ne6
28. Rd6 Qc5 29. Bf2 Qe5+ 30. Bg3 Qc5 31. Bf2 Qe5+ 32. Bg3 Qc5 1/2-1/2

[Event "Tournoi Skype 030A"]
[Site "Skype"]
[Date "????.??.??"]
[Round "4.22"]
[White "Hadla, Mohammad Ali"]
[Black "Sauvaget, Joel"]
[Result "0-1"]
[WhiteElo "1627"]
[BlackElo "1290"]
[PlyCount "48"]

1. e4 e5 2. Bc4 d6 3. Nf3 h6 4. Nc3 Nf6 5. d4 exd4 6. Nxd4 a6 7. O-O Be7 8. Be3
O-O 9. Qd2 Ng4 10. Rae1 Nxe3 11. Rxe3 Nd7 12. Rg3 Kh8 13. Nd5 Nf6 14. f4 c6 15.
Nxe7 Qxe7 16. Nf5 Bxf5 17. exf5 d5 18. Bd3 Qc5+ 19. Kh1 Rae8 20. b4 Qb6 21. Qc3
Re7 22. Re1 Rfe8 23. Rxe7 Rxe7 24. h3 Qf2 0-1

[Event "Tournoi Skype 030A"]
[Site "Skype"]
[Date "????.??.??"]
[Round "4.23"]
[White "Couto, Januario"]
[Black "Thoune, Jim"]
[Result "0-1"]
[WhiteElo "1387"]
[BlackElo "1598"]
[PlyCount "80"]

1. e4 e6 2. d4 d5 3. Nc3 Bb4 4. Bd3 dxe4 5. Bxe4 Nf6 6. Bd3 O-O 7. Nge2 c5 8.
O-O Nc6 9. dxc5 Bxc5 10. Ne4 Nxe4 11. Bxe4 Qe7 12. Bf4 e5 13. Bg3 Bg4 14. h3
Rad8 15. Qe1 Bh5 16. Nc3 f5 17. Bd5+ Bf7 18. Bxc6 bxc6 19. Qxe5 Rfe8 20. Qxe7
Bxe7 21. Rad1 Bc4 22. Rxd8 Bxd8 23. Rd1 Bb6 24. b3 Ba6 25. Rd6 Bb7 26. Rd7 Bc8
27. Rd3 Re1+ 28. Kh2 Rc1 29. Rd2 Ba5 30. Be5 Re1 31. Bd4 Kf7 32. a3 c5 33. b4
cxd4 34. Rxd4 Bb6 35. Rc4 Be6 36. Rc6 Bxf2 37. Rc7+ Kf6 38. g3 Bd4 39. Na4 Re2+
40. Kh1 Bd5# 0-1

[Event "Tournoi Skype 030A"]
[Site "Skype"]
[Date "????.??.??"]
[Round "4.24"]
[White "Pouteau, Pascal"]
[Black "Khetre, Gaurav"]
[Result "1/2-1/2"]
[WhiteElo "1349"]
[BlackElo "1540"]
[PlyCount "59"]

1. d4 d5 2. Nc3 Nf6 3. Bg5 Nbd7 4. Nf3 b6 5. e3 Bb7 6. Bb5 c6 7. Bd3 g6 8. O-O
Bg7 9. Re1 O-O 10. Qe2 c5 11. dxc5 bxc5 12. Bb5 Nb6 13. Rad1 Qc7 14. Bf4 Qd8
15. e4 d4 16. Be5 Ng4 17. Bxg7 Kxg7 18. Nxd4 cxd4 19. Qxg4 e5 20. Ne2 Qc7 21.
c3 h5 22. Qh4 Qc5 23. Bd3 Rad8 24. Rc1 Qd6 25. cxd4 exd4 26. Nf4 Qe5 27. Bc2
Nc4 28. Nd3 Qf6 29. Qxf6+ Kxf6 30. Nc5 1/2-1/2

[Event "Tournoi Skype 030A"]
[Site "Skype"]
[Date "????.??.??"]
[Round "4.25"]
[White "Marino, Giuseppe"]
[Black "Alvarez, Juan Evangelista"]
[Result "0-1"]
[WhiteElo "1339"]
[BlackElo "1529"]
[PlyCount "56"]

1. d4 Nf6 2. Nf3 d5 3. e3 Bf5 4. Bd3 Bg6 5. O-O Nc6 6. c3 Qd6 7. Bb5 O-O-O 8.
Bxc6 Qxc6 9. Ne5 Qe6 10. Qa4 Kb8 11. b4 Nd7 12. Nxd7+ Rxd7 13. Nd2 c5 14. bxc5
Bd3 15. Re1 g5 16. Nf3 Be2 17. Rxe2 Rd8 18. Qb3 Rg8 19. a4 g4 20. Nh4 Bg7 21.
Rb1 Rd7 22. a5 Bf6 23. g3 Bxh4 24. gxh4 f5 25. Qd1 Qe4 26. Ba3 g3 27. f3 gxh2+
28. Kxh2 Qxh4# 0-1

[Event "Tournoi Skype 030A"]
[Site "Skype"]
[Date "????.??.??"]
[Round "4.26"]
[White "Kruk, Clementine"]
[Black "Engstrom, Olle"]
[Result "0-1"]
[WhiteElo "1313"]
[BlackElo "1438"]
[PlyCount "20"]

1. e4 e5 2. Nf3 Nc6 3. Bc4 Nf6 4. Ng5 Bc5 5. Nxf7 Bxf2+ 6. Kxf2 Nxe4+ 7. Ke3
Qh4 8. Nxh8 Qf2+ 9. Kxe4 d5+ 10. Bxd5 Bf5# 0-1

[Event "Tournoi Skype 030A"]
[Site "Skype"]
[Date "????.??.??"]
[Round "4.27"]
[White "Gharbi, Said"]
[Black "Mishra, Sourabh"]
[Result "0-1"]
[WhiteElo "1434"]
[BlackElo "1284"]
[PlyCount "64"]

1. e4 c6 2. d4 d5 3. e5 Bf5 4. Bd3 Bxd3 5. Qxd3 e6 6. c3 Nd7 7. Nf3 Ne7 8. Bg5
h6 9. Bh4 Qb6 10. b3 Nf5 11. Nbd2 c5 12. O-O Rc8 13. Rac1 Nxh4 14. Nxh4 Be7 15.
Nhf3 O-O 16. c4 cxd4 17. Nxd4 Nxe5 18. Qe2 Qxd4 19. Rfd1 Bd6 20. cxd5 Rxc1 21.
Rxc1 Qxd5 22. Rd1 Qd3 23. Qh5 Rd8 24. Nb1 Qg6 25. Qe2 Ng4 26. g3 Qh5 27. h4 Nf6
28. Qf1 Qc5 29. Kg2 Bc7 30. Rc1 Qd5+ 31. Kh2 Ng4+ 32. Kg1 Bb6 0-1

[Event "Tournoi Skype 030A"]
[Site "Skype"]
[Date "????.??.??"]
[Round "4.28"]
[White "Pantaleon, Julio"]
[Black "Sequeda Pimiento, Javier Ricardo"]
[Result "0-1"]
[WhiteElo "1241"]
[BlackElo "1434"]
[PlyCount "116"]

1. Nf3 d5 2. d4 Bg4 3. Ne5 Nf6 4. h3 Bh5 5. g4 Bg6 6. Nxg6 hxg6 7. Bf4 Nxg4 8.
Bg2 Nf6 9. Nc3 c6 10. Qd3 e6 11. O-O-O Bd6 12. Bg5 Nbd7 13. e4 dxe4 14. Nxe4
Qe7 15. Rhe1 O-O-O 16. Qc4 Nb6 17. Nxd6+ Qxd6 18. Qc3 Rde8 19. Qa5 Qb8 20. Kb1
Rh5 21. Qd2 Nc4 22. Qf4 Qxf4 23. Bxf4 Rb5 24. b3 Nb6 25. Bf1 Rf5 26. Bg3 Nbd5
27. Kb2 Rh8 28. Bd3 Rfh5 29. h4 Ne7 30. Be2 R5h7 31. Bd3 Nf5 32. Bxf5 gxf5 33.
c4 Ne4 34. d5 Nxg3 35. fxg3 cxd5 36. cxd5 Re8 37. Rc1+ Kb8 38. d6 Rd8 39. Red1
Rd7 40. Rc4 Rh8 41. a4 Rc8 42. Rcd4 a5 43. R1d3 Rc6 44. Ka3 e5 45. Rd5 g6 46.
Rxe5 Rcxd6 47. Rxd6 Rxd6 48. Re7 Rf6 49. Re5 b6 50. b4 axb4+ 51. Kxb4 Re6 52.
Rd5 Kc7 53. Kb5 Re3 54. Ka6 Ra3 55. Kb5 Rb3+ 56. Ka6 Kc6 57. Rb5 Rxb5 58. axb5+
Kc5 0-1

[Event "Tournoi Skype 030A"]
[Site "Skype"]
[Date "????.??.??"]
[Round "4.29"]
[White "Trivedi, Viral"]
[Black "Junqueira, Leonardo De Faria"]
[Result "1-0"]
[WhiteElo "1210"]
[BlackElo "1408"]
[PlyCount "51"]

1. d4 Nf6 2. Bf4 g6 3. e3 Bg7 4. Be2 O-O 5. Nc3 d6 6. h4 Nh5 7. Bxh5 gxh5 8.
Qxh5 e5 9. dxe5 dxe5 10. Bh6 Qf6 11. Bxg7 Qxg7 12. Ne4 f5 13. Ng5 Bd7 14. N1f3
Be8 15. Ne6 Bxh5 16. Nxg7 Bxf3 17. Ne6 Rf6 18. Nxc7 Be4 19. Nxa8 Na6 20. f3
Bxc2 21. Rc1 Nb4 22. O-O Bd3 23. Rfd1 e4 24. f4 Nc2 25. Nc7 Rd6 26. Rxc2 1-0

[Event "Tournoi Skype 030A"]
[Site "Skype"]
[Date "????.??.??"]
[Round "4.30"]
[White "Vello, Pablo"]
[Black "Bagayatkar, Madan"]
[Result "1/2-1/2"]
[WhiteElo "1135"]
[BlackElo "1405"]
[PlyCount "119"]

1. d4 d5 2. Nc3 Nf6 3. Bf4 c6 4. e3 Bf5 5. f3 h6 6. g4 Bg6 7. h4 e6 8. h5 Bh7
9. Bd3 Bxd3 10. Qxd3 Nbd7 11. Nge2 Nb6 12. e4 dxe4 13. Nxe4 Nbd5 14. Nxf6+ Nxf6
15. O-O-O Bd6 16. Qb3 Nd5 17. Bd2 b5 18. Kb1 a5 19. Nc1 a4 20. Qd3 b4 21. Qc4
Qb6 22. Ne2 b3 23. cxb3 axb3 24. Qxb3 Qxb3 25. axb3 O-O 26. g5 hxg5 27. Bxg5
Rfb8 28. Rd3 Rb5 29. Rg1 Rab8 30. Nc1 f6 31. Bd2 Bf4 32. Bxf4 Nxf4 33. Rc3 R8b6
34. h6 g6 35. Kc2 Kh7 36. Rh1 Nd5 37. Rc5 Ne3+ 38. Kc3 Nf5 39. Rxb5 Rxb5 40.
Re1 e5 41. dxe5 fxe5 42. Nd3 Kxh6 43. Rxe5 Rb6 44. Re6 Rxb3+ 45. Kxb3 Nd4+ 46.
Kc4 Nxe6 47. b3 Kg5 48. b4 Kf5 49. Nc5 Ng5 50. Nd7 Ke6 51. Nf8+ Kf7 52. Nd7
Nxf3 53. Kc5 g5 54. Kxc6 g4 55. b5 g3 56. b6 g2 57. b7 g1=Q 58. b8=Q Qc1+ 59.
Nc5 Qh6+ 60. Qd6 1/2-1/2

[Event "Tournoi Skype 030A"]
[Site "Skype"]
[Date "????.??.??"]
[Round "4.32"]
[White "Munoz Gonzalez, Martin"]
[Black "Galani, Mahendra"]
[Result "0-1"]
[WhiteElo "1412"]
[BlackElo "1395"]
[PlyCount "72"]

1. d4 d5 2. Nf3 Nf6 3. Bf4 Nh5 4. Bg3 e6 5. e3 Bd6 6. Nbd2 Nd7 7. Be2 g6 8.
Bxd6 cxd6 9. O-O Qf6 10. Ne1 Ng7 11. Nd3 e5 12. c3 O-O 13. Nb4 Nb6 14. e4 Be6
15. dxe5 dxe5 16. exd5 Nxd5 17. Nxd5 Bxd5 18. Bf3 Rad8 19. Qe2 Rfe8 20. Bxd5
Rxd5 21. Rad1 Ra5 22. a3 Nh5 23. Nb3 Nf4 24. Qe4 Rb5 25. Qc2 Qb6 26. Nc1 Rxb2
27. Qe4 f5 28. Qc4+ Kg7 29. Nd3 Ne2+ 30. Kh1 Rc2 31. Nb4 Rb2 32. Rd7+ Kf6 33.
Qf7+ Kg5 34. Qxe8 e4 35. Qe7+ Kg4 36. Qh4+ Kxh4 0-1

[Event "Tournoi Skype 030A"]
[Site "Skype"]
[Date "????.??.??"]
[Round "4.33"]
[White "Hague, Mark"]
[Black "Tembhurnekar, Ritu"]
[Result "0-1"]
[WhiteElo "1395"]
[BlackElo "1011"]
[PlyCount "66"]

1. d4 d5 2. c4 e6 3. c5 Nf6 4. Nc3 c6 5. b4 Nbd7 6. e3 Be7 7. Bd3 h6 8. Nge2 e5
9. O-O O-O 10. a3 Qc7 11. e4 exd4 12. Nxd4 Ne5 13. h3 Nxd3 14. Qxd3 Bd7 15.
exd5 Nxd5 16. Nxd5 cxd5 17. Nf3 Bf6 18. Nd4 Rfe8 19. Be3 Re7 20. Rfe1 Re4 21.
Rad1 Rae8 22. Nf3 Be6 23. Bc1 Qc6 24. Nd4 Rxd4 25. Qg3 Rxd1 26. Rxd1 Kh8 27.
Bf4 Bf5 28. Bd6 Re2 29. Kf1 Qb5 30. Kg1 Qc4 31. Qf3 Qc2 32. Qxd5 Be4 33. Rd2
Rxd2 0-1

[Event "Tournoi Skype 030A"]
[Site "Skype"]
[Date "????.??.??"]
[Round "4.34"]
[White "Pasasin, Alejandro"]
[Black "Zenini, Simone"]
[Result "1-0"]
[WhiteElo "1304"]
[BlackElo "1411"]
[PlyCount "31"]

1. d4 d5 2. Nf3 Nf6 3. Bf4 Nc6 4. e3 a6 5. h3 e6 6. Bd3 Bd6 7. Ne5 O-O 8. Nd2
Bxe5 9. dxe5 Nd7 10. Nf3 h6 11. h4 Nb4 12. Ng5 hxg5 13. Bh7+ Kxh7 14. hxg5+ Kg8
15. Qh5 f6 16. g6 1-0

[Event "Tournoi Skype 030A"]
[Site "Skype"]
[Date "????.??.??"]
[Round "4.35"]
[White "Escudero Ocana, Francisco"]
[Black "Davis, Michael"]
[Result "0-1"]
[WhiteElo "1393"]
[BlackElo "1359"]
[PlyCount "64"]

1. e4 c5 2. Nf3 Nc6 3. c4 d6 4. Nc3 Nf6 5. d4 cxd4 6. Nxd4 g6 7. Be2 Bg7 8. Be3
O-O 9. h3 Qa5 10. Qd2 Bd7 11. O-O Nxe4 12. Nxe4 Qxd2 13. Nxd2 Nxd4 14. Bxd4
Bxd4 15. Bf3 Bf5 16. Be4 Bxb2 17. Rab1 Bc3 18. Bxf5 gxf5 19. Nf3 b6 20. Rfd1
Rac8 21. Rb5 e6 22. Rxd6 Rxc4 23. Ng5 Rc5 24. Rb3 Be5 25. Rd1 Rc2 26. a4 Rfc8
27. Kf1 Rc1 28. Ke2 R8c2+ 29. Ke1 Bc3+ 30. Rxc3 Rxc3 31. Rxc1 Rxc1+ 32. Kd2 Ra1
0-1